00693nam a2200241 a 4500001001300000003000900013005001700022008004100039020001000080082001500090100002300105245003100128260003500159300000800194500003500202505003000237650001600267700002300283902000800306942000700314952011500321999001500436nice12345678IN_TiNIC20260116011711.0050524s0000 kara grp 000 0 urd  ac10000a239.9bWAH aWaheed, Sayeed Bin aIsai Missionary Se Mulaqat aKarachibDeendar Anjumanc0000 a96p aincludes index and biblioraphy2 a3 volumes bound together. aApologetics1 aWaheed, Sayeed Bin bSRS cBK 001040708StackRoom-aHMIbHMId2007-06-28g100.00l0o239.9 WAHp07089r2007-06-28v100.00w2005-05-24yBK c3457d3457